00973nam a2200205Ia 4500008004100000020001500041041001200056082001600068100001700084245007300101260002500174300000900199650001600208700001700224942000700241999001500248952016000263952017300423952017100596221030s9999 xx 000 0 und d a0074638106 aEnglish a105.23bPap aC. H. Pappas 0aVisual C++ 6 : The Complete Referencecby C. H. Pappas, W. H. Murray bTMHaNew Delhic2006 a1015 aBE Computer aW. H. Murray cBK c3660d3660 pBE 8960g450.00l0o105.23 Papr2024-06-13 00:00:00w2022-10-30yBK003Print4070aMIETLIBbMIETLIBcBL-First, FL-1, CUP-49, SH-3, R-3d2006-12-0110HBE pBE 8961g450.00l0o105.23 Papr2024-06-13 00:00:00w2022-10-30yBK003Print4070aMIETLIBbMIETLIBcBL-Academic Block - C, FL-2, CUP-49, SH-3, R-3d2006-12-0110HBE pBE 8962g450.00l0o105.23 Papr2024-06-13 00:00:00w2022-10-30yBK003Print4070aMIETLIBbMIETLIBcBL-Academic Block C, FL-2, CUP-49, SH-3, R-3d2006-12-0110HBE